[Event "Breisacher Memorial Playoff"]
[Site "Biel SUI"]
[Date "2013.08.02"]
[Round "1.1"]
[White "Moiseenko,A1"]
[Black "Bacrot,E"]
[Result "1-0"]
[WhiteElo "2699"]
[BlackElo "2714"]

1.d4 e6 2.c4 d5 3.Nc3 Nf6 4.Nf3 Be7 5.Bf4 O-O 6.a3 b6 7.e3 Bb7 8.Be2 dxc4
9.Bxc4 Nbd7 10.O-O c5 11.Qe2 Rc8 12.Nb5 Bxf3 13.gxf3 cxd4 14.Nxa7 Rc5 15.b4 Rf5
16.Nc6 Qe8 17.Nxd4 Rxf4 18.exf4 Nh5 19.Qe3 Bd6 20.Ne2 Qb8 21.Rfd1 Ndf6 22.Rd4 b5
23.Bb3 Bc7 24.Qd2 e5 25.Rd3 e4 26.fxe4 Nxf4 27.Nxf4 Bxf4 28.Qe2 Bxh2+ 29.Kf1 Qe5
30.Rad1 Qg5 31.Qf3 h5 32.Rd8 Bc7 33.Rxf8+ Kxf8 34.Qf5 Qg4 35.Qxg4 hxg4 36.Bd5 Ke7
37.Rc1 Be5 38.Rc5 Bb2 39.Rxb5 Bxa3 40.Rb7+ Kd6 41.b5 Nd7 42.Bxf7 Bc5 43.Bd5 Bd4
44.Bc6 Nc5 45.Rf7 Nd3 46.Bd5 Kc5 47.Rc7+ Kb6 48.Rc6+ Kxb5 49.Rg6 Kc5 50.Rxg4 Kd6
51.f4 Ke7 52.e5 Kf8 53.Be4 Nc5 54.Bf3 Nd3 55.Ke2 Nc5 56.Rh4 Ne6 57.Bd5 Nc5
58.Kf3 g5 59.Rh8+ Ke7 60.Rh7+ Kf8 61.e6 Bf6 62.Rf7+ Ke8 63.Rxf6  1-0

[Event "9th Ribeira Valley Open 2013"]
[Site "Registro BRA"]
[Date "2013.08.02"]
[Round "7.6"]
[White "Matsuura,E"]
[Black "Egoroff,J"]
[Result "1/2-1/2"]
[WhiteElo "2501"]
[BlackElo "2291"]

1.d4 d5 2.c4 e6 3.Nc3 Nf6 4.Nf3 Be7 5.Bf4 O-O 6.e3 c5 7.dxc5 Bxc5 8.cxd5 exd5
9.Be2 Nc6 10.O-O a6 11.Bg5 Be6 12.Rc1 Be7 13.Nd4 Nxd4 14.Qxd4 h6 15.Bh4 Rc8
16.Rfd1 Qa5 17.a3 Rfd8 18.Qd3 Rc4 19.Bg3 Rdc8 20.Qb1 R4c6 21.Be5 Ne4 22.Nxe4 Rxc1
23.Rxc1 Rxc1+ 24.Qxc1 dxe4 25.Qc3 Qxc3 26.Bxc3  1/2-1/2

[Event "9th Tabor Open 2013"]
[Site "Tabor CZE"]
[Date "2013.08.02"]
[Round "7.56"]
[White "Pribylova,Sofie"]
[Black "Mesicek,Josef"]
[Result "1/2-1/2"]
[WhiteElo "1437"]
[BlackElo "1672"]

1.d4 d5 2.Nf3 Nf6 3.c4 e6 4.Nc3 Be7 5.Bf4 a6 6.c5 O-O 7.h3 b5 8.b4 Bb7 9.a4 c6
10.a5 Nbd7 11.Qc2 Nh5 12.Bh2 g6 13.g4 Ng7 14.O-O-O f5 15.gxf5 exf5 16.e3 Nf6
17.Bd3 Ne4 18.Bxe4 fxe4 19.Ne5 Bh4 20.Rdf1 Nf5 21.Ne2 Bg5 22.Bf4 Nh4 23.Bxg5 Qxg5
24.Rhg1 Qe7 25.Nf4 g5 26.Qe2 Kh8 27.Nh5 Nf3 28.Nxf3 Rxf3 29.Rg3 Raf8 30.Rxf3 Rxf3
31.Ng3 Bc8 32.Rh1 Qf7 33.Rh2 Be6 34.Qd1 Kg7 35.Qe1 h6 36.h4 Bg4 37.Qd2 Qf6
38.hxg5 Qxg5 39.Rg2 Kf6 40.Qc2 Bf5 41.Qb2 h5 42.Nxe4+ Bxe4 43.Rxg5 Kxg5 44.Qe2 h4
45.Qf1 h3 46.Qg1+ Kh4 47.Qh2 Kg4 48.Qg1+ Kh4 49.Qh2 Kg4 50.Qg1+  1/2-1/2

[Event "14th ch-EUR Ind w"]
[Site "Belgrade SRB"]
[Date "2013.08.03"]
[Round "11.2"]
[White "Socko,M"]
[Black "Melia,S"]
[Result "1/2-1/2"]
[WhiteElo "2435"]
[BlackElo "2428"]

1.d4 d5 2.c4 e6 3.Nc3 Be7 4.Nf3 Nf6 5.Bf4 c5 6.dxc5 Bxc5 7.e3 Nc6 8.a3 O-O
9.Rc1 a6 10.cxd5 exd5 11.Bd3 Ba7 12.O-O d4 13.exd4 Nxd4 14.Nxd4 Qxd4 15.Be3 Qh4
16.Bxa7 Rxa7 17.Qa4 Qxa4 18.Nxa4 b5 19.Nc5 Re8 20.Rfd1 Kf8 21.f3 h6 22.Bf1 Ke7
23.Rd4 Rc7 24.a4 bxa4 25.Rxa4 Rd8 26.Bxa6 Bxa6 27.Rxa6 Rdc8 28.Ra5 Nd5 29.Re1+ Kf8
30.Nd3 Rd8 31.b4 g5 32.Rc5 Rb7 33.Rb1 Nc7 34.Ne5 Na6 35.Rc4 Rb5 36.Nc6 Rc8
37.Rbc1 Rc7 38.h4 gxh4 39.Kh2 Rcb7 40.Na5 Rd7 41.Nc6 Rdb7 42.Rxh4 Nxb4 43.Nd4 Rd5
44.Rb1 Rdd7 45.Nf5 Nd5 46.Rxh6 Kg8 47.Re1 Ne7 48.Ng3 Kg7 49.Ra6 Rb5 50.f4 Ng8
51.Ne4 Re7 52.Re3 Rh5+ 53.Kg1 Rh6 54.Raa3 Rg6 55.Ng3 Rxe3 56.Rxe3 Nh6 57.Nh5+ Kf8
58.Ra3 Re6 59.Ra8+ Re8 60.Ra1 Ng4 61.Ng3 Kg7 62.Nf1 Re4 63.Ng3 Re8 64.Nf5+ Kf6
65.Nd6 Re6 66.Nb5 Rc6 67.g3 Rc2 68.Nd4 Rd2 69.Ra6+ Kg7 70.Nf5+ Kh7 71.Ra7 Kg6
72.Nh4+ Kg7 73.Ra5 Kf6 74.Rf5+ Ke6 75.Rg5 Nf6 76.Re5+ Kd7 77.Nf5 Rd5 78.Rxd5+ Nxd5
79.Kf2 Ke6 80.Nd4+ Kf6 81.Kf3 Nc3 82.g4 Kg6 83.Nf5 f6 84.Nh4+ Kf7 85.Ke3 Ke6
86.Nf5 Nd5+ 87.Ke4 Nc3+ 88.Kd3 Nd5 89.Nd4+ Kf7 90.Ke4 Nc3+ 91.Kf5 Nd5 92.Nc2 Ne7+
93.Ke4 Ke6 94.Nd4+ Kf7 95.Nf5 Ng6 96.Nd6+ Ke7 97.Nb5 Kf7 98.Nc3 Ne7 99.f5 Ng8
100.Nd5 Nh6 101.Kf4 Ng8 102.Kg3 Kg7 103.Kh4 Nh6 104.Nc7 Ng8 105.Nd5 Nh6 106.Kh5 Nf7
107.Nc7 Ne5 108.Ne6+ Kf7 109.Nf4 Kg7 110.Nd5 Nf3 111.Ne3 Kh7 112.Ng2 Kg7
113.Nf4 Kf7 114.Ne6 Ke7 115.Nc5 Kf7 116.Nd3 Kg7 117.Nf4 Kf7 118.Ng6 Kg7 119.Nh4 Ne5
120.Ng2 Nf3 121.Ne3 Kh7 122.Nf1 Kg7 123.Ng3 Kh7 124.Ne4 Kg7 125.Nd6 Kf8 126.Nb7 Kf7
127.Nc5 Kg7 128.Nd7 Kf7 129.Kh6 Nh2 130.Kh5 Nf3 131.Nb6 Kg7 132.Na8 Kf7 133.Nc7 Kg7
134.Na6 Kf7 135.Nb4 Kf8 136.Nd3 Kg7 137.Nf2 Kh7 138.Nd3 Kg7 139.Nf4 Kf7 140.Nh3 Kg7
141.Nf2 Kh7 142.Ne4 Kg7 143.Nd6 Kf8 144.Nc8 Kg7 145.Na7 Kh7 146.Nb5 Kg7 147.Na3 Kh7
148.Nb1 Kg7 149.Nc3 Kh7 150.Nd5  1/2-1/2

[Event "Chinese Teams 2013"]
[Site "Wuxi CHN"]
[Date "2013.08.05"]
[Round "10.2"]
[White "Mu Ke"]
[Black "Wang Chen"]
[Result "1/2-1/2"]
[WhiteElo "2311"]
[BlackElo "2492"]

1.d4 d5 2.c4 e6 3.Nf3 Nf6 4.Nc3 Be7 5.Bf4 O-O 6.e3 Nbd7 7.a3 c6 8.h3 b6 9.cxd5 exd5
10.Bd3 Bb7 11.O-O Re8 12.Rc1 Nf8 13.Ne5 Ne6 14.Bg3 a6 15.Na4 c5 16.dxc5 bxc5
17.Bf5 c4 18.Nf3 Nd7 19.e4 dxe4 20.Bxe6 fxe6 21.Nd2 Bg5 22.Rxc4 Nf6 23.Rc7 Re7
24.Rxe7 Qxe7 25.Nc4 Rd8 26.Qe2 Rd3 27.b4 Bc6 28.Nab2 Rd8 29.Rd1 Rxd1+ 30.Qxd1 Nd5
31.Qd4 Bf4 32.Bxf4 Nxf4 33.Qe5 Qf8 34.Ne3 Bd5 35.Nbd1 h6 36.Kh2  1/2-1/2

[Event "HZ Open 2013"]
[Site "Vlissingen NED"]
[Date "2013.08.06"]
[Round "5.20"]
[White "Akshat,Kh"]
[Black "Oosterom,E"]
[Result "1-0"]
[WhiteElo "2354"]
[BlackElo "2125"]

1.d4 d5 2.c4 e6 3.Nc3 Be7 4.Nf3 Nf6 5.Bf4 O-O 6.e3 c5 7.dxc5 Bxc5 8.cxd5 Nxd5
9.Nxd5 exd5 10.a3 Nc6 11.Bd3 Bb6 12.O-O d4 13.Qc2 h6 14.e4 Bg4 15.Ne5 Nxe5
16.Bxe5 Qe7 17.Bg3 Rac8 18.Qd2 Rc6 19.f4 f5 20.Rae1 Qf6 21.h3 Bh5 22.exf5 Bf7
23.Kh2 Bc4 24.Re5 Rfc8 25.Rfe1 Bxd3 26.Qxd3 Qf7 27.Qe4 Rf8 28.Bh4 Rc5 29.f6 g5
30.Re7  1-0

[Event "FSIM August 2013"]
[Site "Budapest HUN"]
[Date "2013.08.07"]
[Round "5.4"]
[White "Sean,W"]
[Black "Betaneli,A"]
[Result "1/2-1/2"]
[WhiteElo "2287"]
[BlackElo "2247"]

1.d4 d5 2.c4 e6 3.Nc3 Be7 4.Nf3 Nf6 5.Bf4 O-O 6.e3 b6 7.cxd5 Nxd5 8.Nxd5 exd5
9.Bd3 c5 10.O-O Nc6 11.Ne5 Nxe5 12.Bxe5 c4 13.Bc2 Be6 14.Qh5 f5 15.Kh1 g6
16.Qh6 Rf7 17.f4 b5 18.Rg1 Qf8 19.Qh3 Bf6 20.e4 Bxe5 21.fxe5 Qc8 22.exd5 Bxd5
23.Raf1 f4 24.Qh4 f3 25.gxf3 Rxf3 26.Be4 Qc6 27.Re1 Raf8 28.Bxd5+ Qxd5 29.Qe4 Qxe4
30.Rxe4 Kf7 31.d5 Ke7 32.Rh4 h5 33.Rxg6 R8f5 34.Re4 Rf1+ 35.Kg2 R1f2+  1/2-1/2

[Event "HZ Open 2013"]
[Site "Vlissingen NED"]
[Date "2013.08.09"]
[Round "8.2"]
[White "Zhao Xue"]
[Black "Landa,K"]
[Result "1/2-1/2"]
[WhiteElo "2562"]
[BlackElo "2632"]

1.d4 Nf6 2.c4 e6 3.Nf3 d5 4.Nc3 Be7 5.Bf4 O-O 6.e3 Nbd7 7.c5 Nh5 8.Bd3 Nxf4
9.exf4 c6 10.O-O b6 11.b4 a5 12.a3 Qc7 13.g3 Ba6 14.Kg2 Qb7 15.h4 Bxd3 16.Qxd3 axb4
17.axb4 Rxa1 18.Rxa1 Ra8 19.Qd1 Bd8 20.Ne2 Rxa1 21.Qxa1 Nb8 22.Qa3 f6 23.Nc1 Kf7
24.Qd3 Kg8 25.Qe2 Kf7 26.Qc2 Kg8 27.Qe2 Kf7 28.Qc2 Kg8 29.Qe2  1/2-1/2

[Event "FSFMB August 2013"]
[Site "Budapest HUN"]
[Date "2013.08.11"]
[Round "9.2"]
[White "Kalkman de Koster,F"]
[Black "Bakos,Viktor"]
[Result "1/2-1/2"]
[WhiteElo "1612"]
[BlackElo "1580"]

1.d4 Nf6 2.c4 e6 3.Nf3 d5 4.Nc3 Be7 5.Bf4 c6 6.Qc2 O-O 7.c5 b6 8.b4 a5 9.Bxb8 Rxb8
10.Ne5 Bd7 11.a3 axb4 12.axb4 b5 13.e3 Ra8 14.Qc1 Rxa1 15.Qxa1 Qa8 16.Qb2 Qb7
17.Bd3 Ra8 18.O-O Bd8 19.Ra1 Bc7 20.f4 g6 21.h3 h5 22.Rxa8+ Qxa8 23.g4 hxg4
24.Nxg4 Nxg4 25.hxg4 f5 26.g5 Kg7 27.Qa2 Qxa2 28.Nxa2 Be8 29.Nc1 Kf7 30.Nb3 Ke7
31.Kf2 Kf8 32.Kf3 Ke7 33.Ke2 Kf7 34.Nd2 Ke7 35.Nf3 Kf8  1/2-1/2

[Event "FIDE World Cup 2013"]
[Site "Tromso NOR"]
[Date "2013.08.11"]
[Round "1.1"]
[White "Aronian,L"]
[Black "Markov,M KGZ"]
[Result "1-0"]
[WhiteElo "2813"]
[BlackElo "2304"]

1.d4 Nf6 2.c4 e6 3.Nf3 d5 4.Nc3 Be7 5.Bf4 O-O 6.e3 Nbd7 7.Be2 dxc4 8.O-O Nd5
9.Bxc4 Nxf4 10.exf4 c5 11.dxc5 Nxc5 12.Qe2 Bf6 13.Rad1 Qc7 14.Ne5 a6 15.a4 Nd7
16.Nxf7 Rxf7 17.Bxe6 Nf8 18.Bxf7+ Qxf7 19.Ne4 Be7 20.Qf3 Bd7 21.Ng5 Bc6 22.Qxc6 bxc6
23.Nxf7 Kxf7 24.Rfe1 Rb8 25.Re2 c5 26.g3 Rb4 27.Rd5 g6 28.Rde5 Rb7 29.h4 Bd6
30.Re8 Nd7 31.Rc8 Be7 32.a5 Bf6 33.Rc6 Bxb2 34.Rxa6 Bd4 35.Kg2 Nb8 36.Rb6 Rxb6
37.axb6 c4 38.b7 c3 39.Kf3 Bf6 40.Re4 Be7 41.Rc4 Ke6 42.Rxc3 h5 43.Re3+ Kd7
44.f5 g5 45.Rxe7+  1-0

[Event "14th Miquel Mas Open"]
[Site "Figueres ESP"]
[Date "2013.08.12"]
[Round "2.7"]
[White "Kjartansson,G"]
[Black "Rudolf,An"]
[Result "1-0"]
[WhiteElo "2434"]
[BlackElo "2301"]

1.d4 d5 2.c4 e6 3.Nc3 Be7 4.Nf3 Nf6 5.Bf4 O-O 6.Rc1 Nbd7 7.cxd5 exd5 8.e3 c6
9.h3 Re8 10.Bd3 Nf8 11.O-O Ng6 12.Bh2 Bd6 13.Bxd6 Qxd6 14.Qc2 Qe7 15.Ne2 Ne4
16.Bxe4 dxe4 17.Nd2 Nh4 18.Qc5 Be6 19.b3 Rad8 20.Nf4 Bd5 21.Qxe7 Rxe7 22.Rc5 Ng6
23.Nxd5 Rxd5 24.Rfc1 f6 25.b4 Nf8 26.Nc4 Nd7 27.Rxd5 cxd5 28.Nd6 Nb6 29.Rc5 Rd7
30.Nb5 a6 31.Nc3 Kf7 32.a4 Ke6 33.a5 Nc4 34.Nxd5 Rxd5 35.Rxc4 Rb5 36.f3 exf3
37.gxf3 Kd5 38.Rc7 g5 39.Rxh7 Rxb4 40.h4 Rb3 41.Kf2 gxh4 42.Rxh4 b5 43.axb6 Rxb6
44.Rh5+ Kc4 45.Ra5 Rd6 46.Ke2 Kb4 47.Ra1 a5 48.Kd3 a4 49.e4 Kb3 50.d5 a3
51.Rb1+ Ka4 52.Kc4 a2 53.Ra1 Ka3 54.f4 Ra6 55.Kb5 Kb2 56.Rxa2+ Rxa2 57.e5 Kc3
58.e6 Re2 59.Kc5 f5 60.d6 Ra2 61.e7 Ra5+ 62.Kb6  1-0

[Event "XXIV Jozefa Kochana Mem"]
[Site "Koszalin POL"]
[Date "2013.08.12"]
[Round "4.3"]
[White "Kuciel,W"]
[Black "Czajkowski,Ad"]
[Result "1/2-1/2"]
[WhiteElo "1978"]
[BlackElo "1933"]

1.Nf3 Nf6 2.c4 e6 3.d4 d5 4.Nc3 Be7 5.Bf4 O-O 6.e3 a6 7.Rc1 Nbd7 8.cxd5 exd5
9.Bd3 c5 10.O-O b5 11.e4 dxe4 12.Nxe4 c4 13.Bb1 Bb7 14.Nd6 Qc7 15.Nxb7 Qxf4
16.Re1 Rfe8 17.b3 Qc7 18.Nc5 Nxc5 19.dxc5 Bxc5 20.bxc4 Rxe1+ 21.Qxe1 bxc4
22.Qc3 Ng4 23.Qc2 Nf6 24.Qxc4 Rc8 25.Kf1  1/2-1/2

[Event "22nd ZMDI Open 2013"]
[Site "Dresden GER"]
[Date "2013.08.13"]
[Round "4.11"]
[White "Farago,I"]
[Black "Skibbe,W"]
[Result "1-0"]
[WhiteElo "2465"]
[BlackElo "2292"]

1.d4 d5 2.c4 e6 3.Nf3 Nf6 4.Nc3 Be7 5.Bf4 O-O 6.e3 Nbd7 7.Qc2 c5 8.Rd1 Qa5
9.Nd2 Qb6 10.Be2 cxd4 11.exd4 Qxd4 12.Bg3 Qb6 13.O-O Bd6 14.Bh4 a6 15.cxd5 exd5
16.Nf3 Qc7 17.Qd2 Re8 18.Rfe1 Bb4 19.Bf1 Rxe1 20.Qxe1 b5 21.Nxb5 Qa5 22.Nc3 Ne4
23.a3 Bxc3 24.bxc3 Bb7 25.c4 Qxe1 26.Nxe1 g5 27.f3 Nc3 28.Rd3 gxh4 29.Rxc3 Rc8
30.Rb3 Nc5 31.Rb6 Rc7 32.cxd5 Bxd5 33.Rh6 Re7 34.Kf2 Rb7 35.Rh5 Rb2+ 36.Kg1 Rd2
37.Nd3 h3 38.Rxd5 hxg2 39.Rg5+  1-0

[Event "22nd ZMDI Open 2013"]
[Site "Dresden GER"]
[Date "2013.08.13"]
[Round "4.1"]
[White "Shankland,S"]
[Black "Meier,Geo"]
[Result "1/2-1/2"]
[WhiteElo "2591"]
[BlackElo "2610"]

1.d4 Nf6 2.c4 e6 3.Nf3 d5 4.Nc3 Be7 5.Bf4 O-O 6.Rc1 c5 7.dxc5 dxc4 8.Qxd8 Rxd8
9.e3 Nd5 10.Bxc4 Nxf4 11.exf4 Bxc5 12.O-O Nc6 13.Rfd1 Bd7 14.Ne4 Be7 15.Nd6 Na5
16.Be2 Ba4 17.Rd4 Bc6 18.Nb5 a6 19.Nc3 Be8 20.g3 Rxd4 21.Nxd4 Rd8 22.Nf3 Kf8
23.Kf1 Nc6 24.a3 h6 25.Ne4 Nd4 26.Nxd4 Rxd4 27.Nc5 Bxc5 28.Rxc5 Rd2 29.b4 Ra2  1/2-1/2

[Event "14th Miquel Mas Open"]
[Site "Figueres ESP"]
[Date "2013.08.14"]
[Round "4.9"]
[White "Fernandez Perez,D"]
[Black "Rudolf,An"]
[Result "1-0"]
[WhiteElo "2255"]
[BlackElo "2301"]

1.d4 d5 2.c4 e6 3.Nf3 Nf6 4.Nc3 Be7 5.Bf4 O-O 6.e3 Nbd7 7.c5 Nh5 8.Bd3 Nxf4
9.exf4 c6 10.Qc2 h6 11.b4 b6 12.O-O Bb7 13.Qe2 a5 14.a3 Bf6 15.Ne5 Qc8 16.Rac1 axb4
17.axb4 bxc5 18.bxc5 Bd8 19.Ra1 Ba5 20.Ra3 Re8 21.Qc2 Nf8 22.Rfa1 Qc7 23.g3 Ba6
24.Rxa5 Bxd3 25.Qa2 Rxa5 26.Qxa5 Qxa5 27.Rxa5 Rb8 28.Nxd3 Rb3 29.Ra8 f6 30.f5 Kf7
31.Ra7+ Ke8 32.Nf4 Rxc3 33.Nh5 exf5 34.Nxg7+ Kd8 35.Ra8+ Ke7 36.Nxf5+ Ke6
37.Nd6 Ng6 38.Re8+ Ne7 39.Nc8 Kd7 40.Rxe7+ Kxc8 41.Re6 Kb7 42.Rxf6 h5 43.h3 Rd3
44.Rf4 Ka6 45.Kg2 Kb5 46.g4 hxg4 47.hxg4 Kc4 48.g5  1-0

[Event "XXIV Jozefa Kochana Mem"]
[Site "Koszalin POL"]
[Date "2013.08.16"]
[Round "8.9"]
[White "Gajdamowicz,P"]
[Black "Smolenski,Filip"]
[Result "1-0"]
[WhiteElo "1892"]
[BlackElo "1555"]

1.d4 d5 2.c4 e6 3.Nc3 Nf6 4.Nf3 Be7 5.Bf4 c6 6.e3 Nbd7 7.Qc2 O-O 8.Bd3 dxc4
9.Bxc4 Nb6 10.Bb3 Nbd5 11.Bg3 b6 12.O-O Bb7 13.Rfd1 Qc8 14.e4 Nxc3 15.bxc3 c5
16.e5 Bxf3 17.gxf3 Nd5 18.Qd2 Rd8 19.c4 Nb4 20.d5 exd5 21.cxd5 c4 22.d6 a5
23.Ba4 Qb7 24.Qf4 Bf8 25.Qxc4 Qxf3 26.a3 Rac8 27.Qb5 Nc6 28.Qxb6 Nxe5 29.d7 Rb8
30.Qd4 f6 31.Qd5+ Qxd5 32.Rxd5 Rb2 33.Bxe5 fxe5 34.Rxe5 Kf7 35.Re8 Rbb8 36.Rc1  1-0

[Event "22nd ZMDI Open 2013"]
[Site "Dresden GER"]
[Date "2013.08.17"]
[Round "8.32"]
[White "Boehm,Rob"]
[Black "Sturm,Timo"]
[Result "1-0"]
[WhiteElo "2178"]
[BlackElo "2030"]

1.Nf3 d5 2.d4 Nf6 3.c4 e6 4.Nc3 Be7 5.Bf4 c6 6.e3 O-O 7.Bd3 Nbd7 8.Qc2 dxc4
9.Bxc4 Nh5 10.Be5 g6 11.O-O-O b5 12.Be2 a5 13.Ne4 Ndf6 14.Nfd2 Nxe4 15.Nxe4 f5
16.Nc5 Nf6 17.Bxf6 Bxf6 18.Bf3 Qd6 19.Nd3 Ra6 20.Kb1 b4 21.Rc1 Rb6 22.Qc5 Qd8
23.Ne5 Bxe5 24.Qxe5 Bd7 25.Qxa5 Qb8 26.Rc5 Qb7 27.Qa4 Ra8 28.Ra5 Rxa5 29.Qxa5 Ra6
30.Qc5 e5 31.Be2 Be6 32.Bc4 Bxc4 33.Qxc4+ Kg7 34.dxe5 Ra5 35.Rc1 c5 36.f3  1-0

[Event "22nd ZMDI Open 2013"]
[Site "Dresden GER"]
[Date "2013.08.17"]
[Round "8.10"]
[White "Bryzgalin,K"]
[Black "Schroeder,Ja"]
[Result "1-0"]
[WhiteElo "2465"]
[BlackElo "2355"]

1.d4 Nf6 2.Nf3 d5 3.c4 e6 4.Nc3 Be7 5.Bf4 O-O 6.e3 Nbd7 7.c5 Nh5 8.Bd3 Nxf4
9.exf4 c6 10.O-O b6 11.b4 a5 12.a3 Ba6 13.Bxa6 Rxa6 14.Qe2 Ra8 15.g3 Bf6
16.Qc2 Qc8 17.Rfc1 Qa6 18.Rab1 axb4 19.axb4 Qc4 20.Nd2 Qa6 21.Nf3 bxc5 22.bxc5 Rfb8
23.Ne2 g6 24.Kg2 Rxb1 25.Rxb1 Rb8 26.Rxb8+ Nxb8 27.Nc1 Qa8 28.Nd3 Nd7 29.Qb3 Qa6
30.Nde5 Bxe5 31.fxe5 Kg7 32.h4 h6 33.Qe3 Qa4 34.Qd3 Qa2 35.Nh2 Qb2 36.Nf3 Qa2
37.Qd1 Nf8 38.Nh2 Nh7 39.Ng4 h5 40.Nh2 Nf8 41.Nf3 Nh7 42.Nh2 Qc4 43.g4 hxg4
44.Nxg4 Qc3 45.Ne3 Kf8 46.Nf1 Qc4 47.Ng3 Qa2 48.Qd3 Kg8 49.h5 Qa7 50.hxg6 fxg6
51.Qf3 Qe7 52.Qg4 Kf7 53.Ne2 Qg5 54.Qxg5 Nxg5 55.f3 Nh7 56.Nf4 Nf8 57.Kg3 g5
58.Nh3 Kg6 59.Kg4 Nh7 60.f4 gxf4 61.Nxf4+ Kf7 62.Nd3 Ke7 63.Nb4 Nf8 64.Kg5 Kd7
65.Kf6 Nh7+ 66.Kg6 Nf8+ 67.Kg7 Ke7 68.Nxc6+ Ke8 69.Kf6  1-0

[Event "21st Troya Open 2013"]
[Site "Canakkale TUR"]
[Date "2013.08.18"]
[Round "2.11"]
[White "Erden,K"]
[Black "Ozen,Deniz"]
[Result "1-0"]
[WhiteElo "2213"]
[BlackElo "1835"]

1.d4 d5 2.Nf3 Nf6 3.c4 e6 4.Nc3 Be7 5.Bf4 O-O 6.e3 c5 7.dxc5 Bxc5 8.Be2 Nc6
9.O-O Re8 10.Rc1 dxc4 11.Bxc4 h6 12.Bg3 Qxd1 13.Rfxd1 a6 14.Bd3 e5 15.Ne4 Bf8
16.Nxf6+ gxf6 17.Be4 Bg4 18.h3 Bh5 19.Rd7 Rab8 20.Nh4 Red8 21.Bxc6 Rdc8 22.f4 Rxc6
23.Rxc6 bxc6 24.b3 Bc5 25.Bf2 Re8 26.g4 exf4 27.gxh5 fxe3 28.Be1 Re5 29.Nf3 Rxh5
30.Kg2 Bb6 31.Rb7 Rb5 32.b4 Bd8 33.Rxb5 cxb5 34.Nd4 Bb6 35.Nf5 Kh7 36.Kf3  1-0

[Event "6th Jessie Gilbert Open 2013"]
[Site "Coulsdon ENG"]
[Date "2013.08.19"]
[Round "3"]
[White "Lalic,B"]
[Black "Croad,N"]
[Result "1-0"]
[WhiteElo "2484"]
[BlackElo "2271"]

1.d4 Nf6 2.c4 e6 3.Nf3 d5 4.Nc3 Be7 5.Bf4 O-O 6.a3 Nbd7 7.Nb5 Ne8 8.e3 a6
9.Nc3 Nef6 10.c5 b5 11.Bd3 Re8 12.b4 Bb7 13.Qc2 g6 14.h3 Bf8 15.O-O Bc6 16.a4 bxa4
17.b5 axb5 18.Bxb5 Nb8 19.Bxa4 Bxa4 20.Rxa4 Rxa4 21.Qxa4 Qc8 22.Rb1 Nfd7
23.Nb5 e5 24.Nxe5 Nxe5 25.Bxe5 c6 26.Na7 Qf5 27.Rb7 Nd7 28.Nxc6 Bxc5 29.dxc5 Nxe5
30.Ne7+ Rxe7 31.Rxe7 Nf3+ 32.gxf3 Qg5+ 33.Kf1 Qxe7 34.Qa8+ Kg7 35.Qxd5 Qc7
36.f4 Qa5 37.Kg2 Qb5 38.e4 h5 39.c6 Qe2 40.c7 Qc2 41.Qe5+ Kh7 42.f5 g5 43.Qe7 Qc4
44.c8=R Qxc8 45.Qxf7+ Kh6 46.Qg6+  1-0

[Event "28th Schwarzacher Open"]
[Site "Schwarzach AUT"]
[Date "2013.08.19"]
[Round "4.8"]
[White "Binder,Mo"]
[Black "Fedorovsky,M"]
[Result "1/2-1/2"]
[WhiteElo "2004"]
[BlackElo "2392"]

1.d4 Nf6 2.c4 e6 3.Nf3 d5 4.Nc3 Be7 5.Bf4 O-O 6.e3 Nbd7 7.h3 c5 8.cxd5 Nxd5
9.Nxd5 exd5 10.a3 Qa5+ 11.Qd2 Qxd2+ 12.Kxd2 c4 13.g4 b5 14.Bg2 Nb6 15.Ke2 a5
16.Nd2 Be6 17.Rhc1 Rfc8 18.e4 dxe4 19.Nxe4 Bd5 20.Kf1 Kf8 21.Re1 b4 22.Nd6 Bxg2+
23.Kxg2 Rd8 24.Nf5 Nd5 25.Be5 Bf6 26.Bd6+ Kg8 27.Ne7+ Bxe7 28.Bxe7 Re8 29.Bd6 Rxe1
30.Rxe1 f6 31.Rc1 Rc8 32.axb4 axb4 33.Kf3 Kf7 34.Ke4  1/2-1/2

[Event "3rd Isthmia Open"]
[Site "Vrachati GRE"]
[Date "2013.08.19"]
[Round "2.14"]
[White "Anagnostopoulos,Konstantinos"]
[Black "Toth,Alek"]
[Result "1-0"]
[WhiteElo "2097"]
[BlackElo "2330"]

1.d4 d5 2.c4 e6 3.Nc3 Be7 4.Nf3 Nf6 5.Bf4 O-O 6.e3 c5 7.dxc5 Bxc5 8.a3 Nc6
9.Qc2 Qa5 10.Ra2 Be7 11.b4 Qd8 12.Ra1 Bd7 13.Be2 Rc8 14.O-O a6 15.c5 Nh5
16.Be5 Nxe5 17.Nxe5 Nf6 18.Qb3 Qc7 19.Nxd7 Nxd7 20.Rac1 Qe5 21.Na4 Rc6 22.Rc2 Rfc8
23.Rfc1 g6 24.Qb1 R6c7 25.g3 h5 26.Qb2 Qe4 27.Qd4 Qf5 28.Bd3 Qf3 29.Qf4 Qxf4
30.gxf4 Kf8 31.f3 g5 32.fxg5 Bxg5 33.f4 Bh6 34.Kf2 Ke7 35.Be2 Nf6 36.Bf3 h4
37.Nb6 Rb8 38.Kg2 Bg7 39.c6 Kd6 40.cxb7 Rbxb7  1-0

[Event "FIDE World Cup 2013"]
[Site "Tromso NOR"]
[Date "2013.08.20"]
[Round "4.1"]
[White "Ivanchuk,V"]
[Black "Kramnik,V"]
[Result "0-1"]
[WhiteElo "2731"]
[BlackElo "2784"]

1.d4 Nf6 2.c4 e6 3.Nf3 d5 4.Nc3 Be7 5.Bf4 O-O 6.e3 Nbd7 7.c5 Nh5 8.Bd3 Nxf4
9.exf4 b6 10.b4 a5 11.a3 c6 12.O-O Qc7 13.g3 Ba6 14.Bxa6 Rxa6 15.Qe2 Rfa8
16.b5 cxb5 17.Nxd5 exd5 18.Qxe7 Rc8 19.Rab1 bxc5 20.Rxb5 Re6 21.Qg5 h6 22.Qxd5 Rd6
23.Qa2 Qc6 24.Qe2 cxd4 25.Rfb1 a4 26.Ne1 Nc5 27.Nd3 Nxd3 28.Qxd3 Qc3 29.Rd1 Re6
30.Re5 Rxe5 31.fxe5 Qb3 32.Qxd4 Qxa3 33.Kg2 Qb3 34.Qd7 Ra8 35.Rd3 Qe6 36.Qb7 Qc8
37.Qf3 Ra5 38.Ra3 Qe8 39.Qe4 g6 40.f4 h5 41.h4 Kg7 42.Qb4 Qc6+ 43.Kf2 Rb5
44.Qd4 Qc2+ 45.Kf3 Rb2  0-1

[Event "88th ch-FRA 2013"]
[Site "Nancy FRA"]
[Date "2013.08.22"]
[Round "11.1"]
[White "Bauer,Ch"]
[Black "Apicella,M"]
[Result "1/2-1/2"]
[WhiteElo "2633"]
[BlackElo "2512"]

1.d4 e6 2.Nf3 Nf6 3.c4 d5 4.Nc3 Be7 5.Bf4 O-O 6.e3 a6 7.c5 b6 8.cxb6 cxb6
9.Bd3 Bb7 10.O-O Nc6 11.h3 b5 12.Rc1 Rc8 13.Qe2 Qb6 14.Bg5 h6 15.Bh4 Nd7
16.Nxd5 exd5 17.Rxc6 Bxc6 18.Bxe7 Rfe8 19.Bh4 b4 20.Bxa6 Ra8 21.Bd3 Rxa2
22.Bg3 Rea8 23.Nh4 Ra1 24.Rxa1 Rxa1+ 25.Kh2 Nf6 26.Nf5 Bd7 27.Nd6 Ne8 28.Nxe8 Bxe8
29.Qf3 Qe6 30.Qf4 Ra8 31.Qc7 Qd7 32.Qb6 Qe7 33.b3 Rd8 34.Qa5 Bd7 35.Qc7 Rc8
36.Qb7 Re8 37.Qxd5 Be6 38.Qe4 g6 39.d5 Bf5 40.Qxe7 Rxe7 41.Bc4 Rb7 42.f3 Bd7
43.e4 Bb5 44.Bxb5 Rxb5 45.Bd6 f6 46.g4 Kf7 47.Kg3 g5 48.h4 Ra5 49.hxg5 hxg5
50.Bxb4 Rb5 51.Bd6  1/2-1/2

[Event "TCh-ESP CECLUB 5th-12th 2013"]
[Site "Linares ESP"]
[Date "2013.08.24"]
[Round "1.4"]
[White "Suarez Garcia,I"]
[Black "Medina Carrasco,S"]
[Result "1-0"]
[WhiteElo "1930"]
[BlackElo "2198"]

1.d4 d5 2.c4 e6 3.Nc3 Nf6 4.Nf3 Be7 5.Bf4 O-O 6.e3 c6 7.Bd3 Nbd7 8.cxd5 exd5
9.h3 b6 10.O-O Bb7 11.Rb1 a6 12.b4 b5 13.Ne5 a5 14.a3 axb4 15.axb4 Nb6 16.Qc2 Nc4
17.Rfd1 Na3 18.Qe2 Nxb1 19.Rxb1 Ra3 20.Qc2 Qa8 21.Kh2 g6 22.Bh6 Re8 23.f4 Ne4
24.Nxe4 dxe4 25.Bxe4 Ra2 26.Qb3 Rf8 27.Bxf8 Bxf8 28.Qxf7+ Kh8 29.Nxg6+ hxg6
30.Qxg6 Ra6  1-0

[Event "US Chess League 2013"]
[Site "chess.com INT"]
[Date "2013.08.27"]
[Round "1"]
[White "Holt,C"]
[Black "Akobian,V"]
[Result "1-0"]
[WhiteElo "2539"]
[BlackElo "2625"]

1.d4 d5 2.c4 e6 3.Nc3 Be7 4.Nf3 Nf6 5.Bf4 O-O 6.e3 Nbd7 7.Be2 dxc4 8.O-O Nb6
9.Qc2 Nh5 10.Be5 f6 11.Bg3 Nxg3 12.hxg3 c5 13.Rfd1 Bd7 14.a4 a5 15.d5 Qc7
16.dxe6 Bxe6 17.Nb5 Qc8 18.Nd2 Rd8 19.Nxc4 Nd5 20.Rxd5 Bxd5 21.Nb6 Qc6 22.Nxd5 Bf8
23.Bf3 Kh8 24.Ndc7 Qb6 25.Nxa8 Rxa8 26.Rd1 Rd8 27.Rxd8 Qxd8 28.Bxb7 g6 29.Bf3 Kg7
30.Qd1 Qe7 31.Qd5 Kh6 32.g4 Kg7 33.Qb7 Qxb7 34.Bxb7 Be7 35.Kf1  1-0

[Event "21st Honor to National Resistance"]
[Site "Nikaia GRE"]
[Date "2013.08.27"]
[Round "2.14"]
[White "Fessas,P"]
[Black "Ragios,K"]
[Result "1-0"]
[WhiteElo "1997"]
[BlackElo "1800"]

1.Nf3 Nf6 2.c4 e6 3.Nc3 d5 4.d4 Be7 5.Bf4 O-O 6.e3 b6 7.cxd5 exd5 8.Be2 Bb7
9.O-O Nbd7 10.Rc1 c5 11.Ne5 cxd4 12.exd4 a6 13.Qb3 b5 14.a4 b4 15.Nb1 a5
16.Nxd7 Nxd7 17.Rc7 Rb8 18.Qg3 Bh4 19.Qf3 Bf6 20.Bd3 Nb6 21.Qh3 g6 22.b3 Bxd4
23.Nd2 Bc8 24.Qg3 Be6 25.Nf3 Bg7 26.Ng5 Re8 27.Bb5 d4 28.Bxe8 Qxe8 29.Nxe6 Qxe6
30.Qf3 Nd5 31.Rc6 Qxc6 32.Bxb8 Qd7 33.Re1 Nc3 34.Bf4 d3 35.Bd2 Ne2+ 36.Rxe2 dxe2
37.Qxe2 Qd8 38.g3 Bd4 39.Bh6 Bg7 40.Qd2 Qc8 41.Be3 Bf8 42.Qd5 Qc7 43.h4 h5
44.Qa8 Qc3 45.Bh6 Qc5 46.Bxf8 Qxf8 47.Qxa5 Qd6 48.Qa8+ Kg7 49.Qf3 Qc5 50.Qd1 Qe5
51.Qf3 Qc5 52.Kg2 Qe5 53.Qc6 Qc3 54.Qd5 Qa1 55.a5 Qa3 56.a6 Qxa6 57.Qd4+ Kg8
58.Qxb4 Qc6+ 59.Kg1 Qc1+ 60.Kh2 Qf1 61.Qd4 Kh7 62.Qf6 Kg8 63.b4 Kf8 64.Qd6+ Kg8
65.Qc5 Qe2 66.b5 Qf1 67.b6 Kh7 68.b7 Qb1 69.Qa7  1-0

[Event "11th Kesan Open"]
[Site "Edirne TUR"]
[Date "2013.08.28"]
[Round "3.9"]
[White "Chighladze,I"]
[Black "Tarlabasi,Emirhan"]
[Result "1-0"]
[WhiteElo "2385"]
[BlackElo "1790"]

1.d4 d5 2.c4 e6 3.Nf3 Nf6 4.Nc3 Be7 5.Bf4 O-O 6.e3 b6 7.cxd5 exd5 8.Bd3 Bb7
9.O-O c5 10.b3 Nbd7 11.Rc1 Ne4 12.Ne5 Nxe5 13.Bxe5 Bf6 14.Bxe4 dxe4 15.Bxf6 Qxf6
16.dxc5 bxc5 17.Na4 Ba6 18.Re1 Rfd8 19.Qc2 Bd3 20.Qxc5 h6 21.h3 Kh7 22.Qh5 Rac8
23.Qa5 Rc2 24.Rxc2 Bxc2 25.Rc1 Bd3 26.Qxa7 Ba6 27.Qb6 Rd6 28.Qb4 Qe7 29.Nc5 Bd3
30.Nb7 Rd7 31.Qxe7 Rxe7 32.Nc5 Kg6 33.Rd1 Ra7 34.a4 Bc2 35.Rd2 Bxb3 36.Nxb3 Rxa4
37.Rd6+ f6 38.Nd4 Kf7 39.Rd7+  1-0